000
00273nam a22001097a 4500
082
_a
951
_b
CON
245
_a
2014 The Consular Affairs of China /
260
_a
China :
_b
Ministry of Foreign Affairs,
_c
2014.
300
_a
95 p. ;
_c
24 cm.
563
_a
H.B.
942
_2
ddc
_c
BK
999
_c
593156
_d
593156